Quelle marque de fromage et/ou produits laitiers utilise ce slogan ? - Statistiques

Statistiques générales
  • Ce quiz a été pris 40 fois
  • Le résultat moyen est 13 sur 42
Statistiques - réponses
Slogan Indice Marque % Correct
*** à deux *** CDD Caprice des Dieux
69%
Prenons la vie du côté plaisir P Président
69%
Le fromage des gastronomes en culottes courtes K Kiri
67%
La vie ça se dévore comme un *** K Kiri
67%
***, c'est autrement bon E Entremont
64%
Parce que c'est meilleur de rire LVQR La vache qui rit
64%
Quelle nature ! B Babybel
59%
Craquer pour du bon B Babybel
59%
Le fromage trop rigolo F Ficello
59%
Son goût fait un malheur L Leerdammer
56%
Du *** ou je fais un malheur L Leerdammer
56%
C'est écrit dessus PS Port Salut
54%
***, au bon lait de brebis S Salakis
44%
Vrai comme l'amitié CDL Coeur de Lion
36%
A consommer avec passion CDL Coeur de lion
36%
Le grand nom du camembert LP Le Petit
36%
Vous n'avez pas fini d'aimer le chèvre S Soignon
36%
Bon comme du bon pain LVP Le Vieux Pané
33%
Mon préféré c'est le *** R Rondelé
33%
*** Fais-moi frais : T Tartare
33%
Le goût primeur S Saint-Môret | St-Môret
31%
***, si bleu, si crémeux BB Bresse Bleu
28%
Cham, cham, cham, *** CDO Chamois d'or
28%
Pardon, mais c'est trop bon CAM Chaussée aux Moines
26%
***, une folle envie FE Fol Epi
23%
Le goût de l'authentique LR Le Rustique
21%
Délice d'initiés B Boursin
18%
UN ***, des rencontres B Boursin
18%
La préférée des Italiens G Galbani
18%
Les saveurs de l'automne R Rouy
18%
Une émotion italienne GP Grana Padano
15%
Un vrai morceau de pays basque I Istara
15%
Prenez l'air... prenez l'*** E Ermitage
13%
Fort et fondant à la fois S Saint-Agur
13%
Le meilleur des brebis LP Lou Pérac
10%
***, ma laiterie de village R Rians
10%
Goûter au plaisir de la légende RS Roquefort Société
8%
Riche en moments vrais R Richesmonts
3%
Prenez goût au fromage S Saint-Albray
3%
Tout rond, tout bon MB Mini Babybel
0%
Au nom du bon PB Paysan breton
0%
Mon *** je l'aime en toutes saisons RDS Reblochon de Savoie
0%
Aucun quiz correspondant
Distribution des résultats
% des personnes avec chaque résultat
Percentile par nombre de réponses
Votre historique - résultats
Vous n’avez pas pris ce quiz